LEADER 00902nam0 22002651i 450 001 UON00277782 005 20231205103824.141 100 $a20060530d1978 |0itac50 ba 101 $agre 102 $aGR 105 $a|||| 1|||| 200 1 $aKantata$fTasos Leibadites 205 $a4. ekd 210 $a[s.l.]$cKedros$d1978 215 $a55 p.$d24 cm. 676 $a889$cLetteratura greca moderna$v21 700 1$aLEIBADITES$bTasos$3UONV157305$0690955 712 $aKedros$3UONV269239$4650 790 1$aLEIVADITIS, Tasos$zLEIBADITES, Tasos$3UONV157461 801 $aIT$bSOL$c20240220$gRICA 899 $aSIBA - SISTEMA BIBLIOTECARIO DI ATENEO$2UONSI 912 $aUON00277782 950 $aSIBA - SISTEMA BIBLIOTECARIO DI ATENEO$dSI GRECO A 1529 $eSI EO 6136 5 1529 996 $aKantata$91242363 997 $aUNIOR